El arte moderno (Record no. 47878)

MARC details
000 -LEADER
campo de control de longitud fija 00928nam a2200301 i 4500
001 - NÚMERO DE CONTROL
campo de control 47878
003 - IDENTIFICADOR DE NÚMERO DE CONTROL
campo de control ES-MaACL
005 - FECHA Y HORA DE LA ÚLTIMA TRANSACCIÓN
campo de control 20250812055101.0
007 - CAMPO FIJO DE DESCRIPCIÓN FÍSICA--INFORMACIÓN GENERAL
campo de control de longitud fija t|
008 - DATOS DE LONGITUD FIJA--INFORMACIÓN GENERAL
campo de control de longitud fija 030623s2002 sp ||||0| spa j
020 ## - NÚMERO INTERNACIONAL ESTÁNDAR DEL LIBRO
Número Internacional Estándar del Libro 84-309-3791-9
040 ## - FUENTE DE CATALOGACIÓN
Centro catalogador/agencia de origen M-BN
Lengua de catalogación spa
Centro/agencia transcriptor M-BN
080 ## - NÚMERO DE LA CLASIFICACIÓN DECIMAL UNIVERSAL
Número de la Clasificación Decimal Universal 7.035
100 1# - ENTRADA PRINCIPAL--NOMBRE DE PERSONA
Nombre de persona Huysmans, Joris-Karl,
Fechas asociadas al nombre 1848-1907
9 (RLIN) 64869
245 13 - MENCIÓN DEL TÍTULO
Título El arte moderno
Resto del título : ; Algunos /
Mención de responsabilidad, etc. J.-K. Huysmans ; traducción de Margarita Alfaro y María Pilar Suárez.
260 ## - PUBLICACIÓN, DISTRIBUCIÓN, ETC.
Lugar de publicación, distribución, etc. Madrid :
Nombre del editor, distribuidor, etc. Tecnos :
-- Alianza Editorial,
Fecha de publicación, distribución, etc. [2002]
300 ## - DESCRIPCIÓN FÍSICA
Extensión 246 p ;
Dimensiones 23 cm.
490 1# - MENCIÓN DE SERIE
Mención de serie Neometrópolis ;
Designación de volumen o secuencia 6
500 ## - NOTA GENERAL
Nota general Indices.
650 10 - PUNTO DE ACCESO ADICIONAL DE MATERIA--TÉRMINO DE MATERIA
Término de materia o nombre geográfico como elemento de entrada Arte-
Subdivisión cronológica S.XIX
9 (RLIN) 233576
700 1# - ENTRADA AGREGADA--NOMBRE PERSONAL
Nombre de persona Alfaro, Margarita.
9 (RLIN) 19805
700 1# - ENTRADA AGREGADA--NOMBRE PERSONAL
Nombre de persona Suárez, María Pilar.
9 (RLIN) 108577
740 0# - ENTRADA AGREGADA--TÍTULO RELACIONADO/ANALÍTICO NO CONTROLADO
Título relacionado o analítico no controlado Algunos.
830 0# - PUNTO DE ACCESO ADICIONAL DE SERIE-TÍTULO UNIFORME
Título uniforme Neometrópolis ;
Designación de volumen o secuencia 6
9 (RLIN) 182139
852 ## - LOCALIZACIÓN
Ubicación ES-MaACL
Número de control de estantería L-26422
Sublocalización o colección R.131975
Holdings
Estatus retirado Estado de pérdida Estado de daño No para préstamo Biblioteca de origen Biblioteca actual Ubicación en estantería Fecha de adquisición Fuente de adquisición Total de préstamos Signatura topográfica completa Código de barras Visto por última vez Precio de reemplazo Tipo de ítem Koha
        Biblioteca del Ateneo de Madrid Biblioteca del Ateneo de Madrid Depósito 2 17/01/2008     L-26422 1050388 23/02/2023 23/02/2023 Libro impreso